The key to English nouns

Gorde:
Xehetasun bibliografikoak
Egile nagusia: English language services
Formatua: Liburua
Hizkuntza:Undetermined
Argitaratua: London Collier-MacMillan 1965
Gaiak:
Etiketak: Etiketa erantsi
Etiketarik gabe, Izan zaitez lehena erregistro honi etiketa jartzen!
Thư viện lưu trữ: Trung tâm Học liệu Trường Đại học Cần Thơ
LEADER 00494nam a2200181Ia 4500
001 CTU_262
008 210402s9999 xx 000 0 und d
082 |a 425 
082 |b E58n 
100 |a English language services 
245 4 |a The key to English nouns 
245 0 |c English language services 
260 |a London 
260 |b Collier-MacMillan 
260 |c 1965 
650 |a english language - noun 
904 |i Minh,960720 
980 |a Trung tâm Học liệu Trường Đại học Cần Thơ